000 01803nam2a2200301 4500
001 RU\NLR\BIBL_A\011895981
005 20250410135512.0
010 _a978-5-905836-15-2
_9500
021 _aRU
_bКН-П-18-090678
_9КН-П-18-6587
035 _a(NLR Aleph) 011895981
090 _a10857965
_c10857965
100 _a20181219d2013 k y0rusy50 ca
101 0 _arus
102 _aRU
105 _aab||z|||100zy
200 0 _aВып. 10
_e[материалы международной научно-практической конференции "Старая Ладога в истории и культуре Евразийского мира", 18-19 июня 2012 г.
_fсоставитель: Б.Г. Васильев]
210 _d2013
215 _a323 с., [15] л. ил., цв. ил., карт.
320 _aБиблиогр. в примеч. в конце ст.
461 0 _1001RU\NLR\bibl\131704
_12001#$aСтароладожский сборник$f[Редкол.:...к.ист.н. А.А. Селин (отв. ред.)]$vВып. 10
_9736348
_cСПб.
_d2000
_f[Редкол.:...к.ист.н. А.А. Селин (отв. ред.)]
_nБ.и.
_tСтароладожский сборник
_vВып. 10
702 1 _4220
_7ca
_8rus
_aВасильев
_bБ. Г.
_cканд. искусствоведения
_f1945-2022
_gБорис Григорьевич
_937543
_3RU\NLR\AUTH\7754611
711 1 2 _a"Старая Ладога в истории и культуре Евразийского мира", международная научно-практическая конференция
_f2012
_9642348
_3RU\NLR\AUTH\880491021
852 _aNLR
_j2001-3/143
942 _cBOOK
980 _aNB